01144nam a2200289Ia 4500001001200000003000800012006001900020007001500039008004100054020001800095020001800113040002100131035002100152050002600173100002000199245012400219260006200343300002300405500002000428533015200448650002600600650003700626655002900663710001700692856012600709999001900835ebr10375861CaPaEBRm u cr cn|||||||||100312s2010 maua s 001 0 eng d z9781435455092 z9781435455788 aCaPaEBRcCaPaEBR a(OCoLC)70451609114aTR263.S66bB87 2010eb1 aBusch, David D.10aDavid Busch's Sony Alpha DSLR-A380/A330/A230 guide to digital SLR photographyh[electronic resource] /cDavid D. Busch. aBoston, MA. :bCourse Technology/Cengage Learning,c2010. axx, 268 p. :bill. aIncludes index. aElectronic reproduction.bPalo Alto, Calif. :cebrary,d2010.nAvailable via World Wide Web.nAccess may be limited to ebrary affiliated libraries. 0aSony digital cameras. 0aPhotographyxDigital techniques. 7aElectronic books.2local2 aebrary, Inc.40uhttp://site.ebrary.com/lib/rucke/Doc?id=10375861zAn electronic book accessible through the World Wide Web; click to view c193183d193183